Nationalism and globalisation / (Record no. 22035)

MARC details
000 -LEADER
fixed length control field 01957cam a22003015a 4500
001 - CONTROL NUMBER
control field 18953996
005 - DATE AND TIME OF LATEST TRANSACTION
control field 20160726150412.0
008 - FIXED-LENGTH DATA ELEMENTS--GENERAL INFORMATION
fixed length control field 160129s2015 enk frb 001 0 eng d
010 ## - LIBRARY OF CONGRESS CONTROL NUMBER
LC control number 2015506753
020 ## - INTERNATIONAL STANDARD BOOK NUMBER
International Standard Book Number 1849466742
020 ## - INTERNATIONAL STANDARD BOOK NUMBER
International Standard Book Number 9781849466745
035 ## - SYSTEM CONTROL NUMBER
System control number (OCoLC)ocn893893999
040 ## - CATALOGING SOURCE
Original cataloging agency BTCTA
Language of cataloging eng
Transcribing agency BTCTA
Description conventions rda
Modifying agency EG-ScBUE
042 ## - AUTHENTICATION CODE
Authentication code pcc
082 04 - DEWEY DECIMAL CLASSIFICATION NUMBER
Edition number 22
Classification number 342
Item number NAT
245 00 - TITLE STATEMENT
Title Nationalism and globalisation /
Statement of responsibility, etc edited by Stephen Tierney.
260 ## - PUBLICATION, DISTRIBUTION, ETC. (IMPRINT)
Place of publication, distribution, etc Oxford ;
-- Portland, Oregon :
Name of publisher, distributor, etc Hart Publishing Ltd / Bloosbury Publishing plc,
Date of publication, distribution, etc c.2015.
300 ## - PHYSICAL DESCRIPTION
Extent vi, 283 p. ;
Dimensions 24 cm.
500 ## - GENERAL NOTE
General note Index : p. 275-283.
504 ## - BIBLIOGRAPHY, ETC. NOTE
Bibliography, etc Bibliography : p. 253-273.
505 00 - FORMATTED CONTENTS NOTE
Title Nationalism and Globalisation : New Settings, New Challenges /Stephen Tierney -- Globalisation of Nationalism and the Law /John Breuilly -- Nationalism After the State? /Michael Keating -- Sub-State Nations and Strong States : The Accommodation Impasse? /Stephen Tierney -- Re-Thinking Nationalism After Yugoslavia : Multi/Plurinational Regionalisms as Alternatives to Statehood /Dejan Stjepanovic -- Southphalia or Southfailure? : National Pluralism and the State in South Asia /Asanga Welikala -- Modelling Democratic Secession in International Law /Steven Wheatley -- Beyond Secession? : Law in the Framing of the National Polity /Neil Walker -- Which Pluralism? : External Self-Determination at the Intersection of National, Social and Geopolitical Emancipation /Zoran Oklopcic -- Between Cosmopolis and Community : Justice and Legitimacy in a European Union of Peoples /Richard Bellamy -- 'Even Children Lisp the Rights of Man' : International Human Rights Law and National Minority Jurisdictions /Cormac Mac Amhlaigh.
650 #7 - SUBJECT ADDED ENTRY--TOPICAL TERM
Topical term or geographic name as entry element Globalization.
Source of heading or term BUEsh
9 (RLIN) 32203
650 #7 - SUBJECT ADDED ENTRY--TOPICAL TERM
Topical term or geographic name as entry element Nationalism.
Source of heading or term BUEsh
9 (RLIN) 39761
650 #7 - SUBJECT ADDED ENTRY--TOPICAL TERM
Topical term or geographic name as entry element Constitutional law.
Source of heading or term BUEsh
9 (RLIN) 40464
651 ## - SUBJECT ADDED ENTRY--GEOGRAPHIC NAME
Source of heading or term BUEsh
700 1# - ADDED ENTRY--PERSONAL NAME
Personal name Tierney, Stephen
Relator term editor.
9 (RLIN) 40463
942 ## - ADDED ENTRY ELEMENTS (KOHA)
Source of classification or shelving scheme Dewey Decimal Classification
Edition 22
Call number prefix 342 NAT
Holdings
Withdrawn status Item status Source of classification or shelving scheme Damaged status Not for loan Vendor Home library Current library Shelving location Date acquired Source of acquisition Cost, normal purchase price Serial Enumeration / chronology Total Checkouts Full call number Barcode Date last seen Cost, replacement price Koha item type
    Dewey Decimal Classification     Baccah Central Library Central Library First floor 26/07/2016 Purchase 645.00 26080   342 NAT 000032960 15/07/2025 806.25 Book - Borrowing